Missionary communication / (Record no. 855)

MARC details
000 -LEADER
fixed length control field 00794cam a2200217 a 4500
001 - CONTROL NUMBER
control field 11165783
003 - CONTROL NUMBER IDENTIFIER
control field GBCCL
005 - DATE AND TIME OF LATEST TRANSACTION
control field 20241126110347.0
008 - FIXED-LENGTH DATA ELEMENTS--GENERAL INFORMATION
fixed length control field 121109s2012 ii g 100 0 eng d
020 ## - INTERNATIONAL STANDARD BOOK NUMBER
International Standard Book Number 817086593X (pbk.)
040 ## - CATALOGING SOURCE
Original cataloging agency IiNdDKA
Language of cataloging eng
Transcribing agency IiNdDKA
Modifying agency CtY-D
050 #4 -
-- BV4319
-- .M57 2012
082 04 - DEWEY DECIMAL CLASSIFICATION NUMBER
Classification number 266.0014
Edition information 23
Item number MIS
245 00 - TITLE STATEMENT
Title Missionary communication /
Statement of responsibility, etc. edited by Sebastian Periannan.
260 ## - PUBLICATION, DISTRIBUTION, ETC.
Place of publication, distribution, etc. Bangalore :
Name of publisher, distributor, etc. Asian Trading Corp.,
Date of publication, distribution, etc. 2012.
300 ## - PHYSICAL DESCRIPTION
Extent xvi, 261 p. ;
Dimensions 22 cm.
520 ## - SUMMARY, ETC.
Summary, etc. Papers presented at a national seminar on "Communication theology from a missiological perspective" held during 30-31 October 2004.
650 #0 - SUBJECT ADDED ENTRY--TOPICAL TERM
Topical term or geographic name entry element Communication
General subdivision Religious aspects
-- Christianity
Form subdivision Congresses.
9 (RLIN) 1319
700 1# - ADDED ENTRY--PERSONAL NAME
Personal name Periannan, S. Sebastian.
9 (RLIN) 1320
942 ## - ADDED ENTRY ELEMENTS (KOHA)
Source of classification or shelving scheme Dewey Decimal Classification
Koha item type Books
Koha issues (borrowed), all copies 27
Holdings
Withdrawn status Lost status Source of classification or shelving scheme Damaged status Not for loan Home library Current Library Shelving location Date acquired Total checkouts Total renewals Full call number Barcode Date last seen Date last checked out Copy number Price effective from Koha item type
    Dewey Decimal Classification     GRACE BIBLE COLLEGE GRACE BIBLE COLLEGE Ministry & Mission 2017-03-21 19 3 266.0014 MIS 014179 2025-05-01 2023-03-07 c.2 2017-03-21 Books
    Dewey Decimal Classification     GRACE BIBLE COLLEGE GRACE BIBLE COLLEGE Ministry & Mission 2017-08-03 11 3 266.0014 MIS 014173 2025-05-01 2022-04-14 c.1 2017-08-03 Books
© Grace Bible College Library 2025